• 首页
  • 本馆介绍
  • 公告通知
  • 最新文献
  • 馆藏检索
  • 电子资源
  • 读者导购
  • 参考咨询
  • 我的图书馆
  • 登录
  • 详细信息显示
  • 放入我的书架
  • 预约/预借图书
  • 作者相关作品
  • 分类相关作品
  • 丛书相关作品
  • 出版社相关作品

书目信息

  • 表格格式
  • 工作单格式
  • 卡片格式
题名:
化解过剩产能就业政策研究
    
 
作者: 刘燕斌 , 孟续铎 , 黄湘闽 著
分册:  
出版信息: 北京   社会科学文献出版社·经济与管理分社  2019
页数: 543页
开本: 24cm
丛书名:
单 册:
中图分类: F120.2 , F249.214
科图分类:
主题词: 生产过剩--研究--中国 , 就业政策--研究--中国
电子资源:
ISBN: 978-7-5201-4353-0
000 01920nam0 2200325 450
001 012001005400
005 20140108165439.0
010    @a978-7-5201-4353-0@dCNY198.00
100    @a20190517d2019 em y0chiy50 ea
101 0  @achi
102    @aCN@b110000
105    @ay z 000yy
106    @ar
200 1  @a化解过剩产能就业政策研究@9hua jie guo sheng chan neng jiu ye zheng ce yan jiu@f刘燕斌,孟续铎,黄湘闽等著
210    @a北京@c社会科学文献出版社·经济与管理分社@d2019
215    @a543页@d24cm
300    @a国家社会科学基金重大项目“化解产能过剩矛盾中职工就业和安置政策研究”
314    @a刘燕斌,男,中国劳动和社会保障科学研究院学术委员会委员、研究员,中国劳动保障科学研究院原院长等。出版了《面向新世纪的全球就业》、《中国劳动保障发展报告》等。
314    @a孟续铎,男,中国劳动和社会保障科学研究院就业创业研究助理研究员,经济学博士,出版了《新型城镇化与农民工劳动保障》等5部著作,在CSSCI期刊和报纸上发表论文40余篇,多篇报告获人力资源和社会保障部领导批示。
314    @a黄湘闽,女,中国劳动和社会保障科学研究院人力资源管理与服务研究室助理研究员,经济学博士,发表相关论文、报告10余篇,多篇报告获人力资源和社会保障部领导批示。
330    @a本书在深刻阐明中外产业发展和就业理论并对相关研究做出评价的基础上,深入分析了我国钢铁、煤炭等行业产能过剩的现状趋势;着重阐明了化解过剩产能中职工就业安置面临的基本形势;总结归纳了国家、地方和企业各个层面为做好化解过剩产能中职工就业安置工作所制定实施的政策措施和做法经验;明确指出了化解过剩产能职工就业安置中的突出问题并深入分析了产生问题的主要原因;明确提出了解决化解过剩产能中职工就业安置问题的基本思路、战略定位、目标任务和一系列政策建议。
606 0  @a生产过剩@x研究@y中国
606 0  @a就业政策@x研究@y中国
690    @aF120.2@v5
690    @aF249.214@v5
701  0 @a刘燕斌@9liu yan bin@4著
701  0 @a孟续铎@9meng xu duo@4著
701  0 @a黄湘闽@9huang xiang min@4著
801  0 @aCN@b江苏凤凰@c20191020
905    @b1213321-3@dF120.2@e297@f3
    
    化解过剩产能就业政策研究/刘燕斌,孟续铎,黄湘闽等著.-北京:社会科学文献出版社·经济与管理分社,2019
    543页;24cm
    国家社会科学基金重大项目“化解产能过剩矛盾中职工就业和安置政策研究”
    
    ISBN 978-7-5201-4353-0:CNY198.00
    本书在深刻阐明中外产业发展和就业理论并对相关研究做出评价的基础上,深入分析了我国钢铁、煤炭等行业产能过剩的现状趋势;着重阐明了化解过剩产能中职工就业安置面临的基本形势;总结归纳了国家、地方和企业各个层面为做好化解过剩产能中职工就业安置工作所制定实施的政策措施和做法经验;明确指出了化解过剩产能职工就业安置中的突出问题并深入分析了产生问题的主要原因;明确提出了解决化解过剩产能中职工就业安置问题的基本思路、战略定位、目标任务和一系列政策建议。
●
相关链接 在E读中查询图书 在五车中查询图书 在当当中查询图书 在豆瓣中查询图书


正题名:化解过剩产能就业政策研究     索取号:F120.2/297         预约/预借

序号 登录号 条形码 馆藏地/架位号 状态 备注
1 1213321   212133216   第一样本阅览室/ [索取号:F120.2/297] 在馆    
2 1213322   212133225   教育系资料室/ [索取号:F120.2/297] 在馆    
3 1213323   212133234   第一借阅区/ [索取号:F120.2/297] 在馆    
唐山师范学院图书馆 欢迎您!
大连网信软件有限公司© 版权所有